[Event "Titled Tuesday 2021.09.14"]
[Site "Chess.com INT"]
[Date "2021.09.14"]
[Round "11"]
[White "Ivanov, Mike"]
[Black "Gallegos, Carlos"]
[Result "0-1"]
[WhiteElo "2344"]
[BlackElo "2374"]
[WhiteFideId "-1"]
[WhiteFideId "-1"]
[PlyCount "50"]
[GameId "1694855257464832"]
[EventDate "2021.09.14"]
[EventType "swiss (blitz)"]
[EventRounds "11"]
[EventCountry "NET"]
[SourceTitle "EXT 2022"]
[Source "ChessBase"]
[SourceDate "2021.10.06"]
[SourceVersion "1"]
[SourceVersionDate "2021.10.06"]
[SourceQuality "1"]

1. e4 d6 2. d4 Nf6 3. Nc3 c6 4. Nge2 Qa5 5. Bd2 e5 6. Nd5 Qd8 7. Nxf6+ Qxf6 8. Bc3 Nd7 9. Qd2 Qg6 10. O-O-O Be7 11. f4 Qxe4 12. dxe5 dxe5 13. fxe5 Nc5 14. Ng3 Qa4 15. a3 h5 16. Be2 Bg4 17. Bxg4 Qxg4 18. Kb1 Rd8 19. Qf2 Rxd1+ 20. Rxd1 Qxd1+ 21. Ka2 Qd5+ 22. b3 h4 23. Nf5 Ne4 24. Qd4 Qxd4 25. Bxd4 Bf8 0-1

[Event "Titled Tuesday 2021.09.14"]
[Site "chess.com INT"]
[Date "2021.09.14"]
[Round "3"]
[White "Boidiya, Sidi"]
[Black "Ivanov, Mike"]
[Result "1/2-1/2"]
[WhiteElo "2040"]
[BlackElo "2344"]
[WhiteFideId "-1"]
[WhiteFideId "-1"]
[PlyCount "110"]
[GameId "2130307583403938"]
[EventDate "2021.09.14"]
[EventType "swiss (blitz)"]
[EventRounds "11"]
[EventCountry "NET"]
[SourceTitle "The Week in Chess 1402"]
[Source "Mark Crowther"]
[SourceDate "2021.09.20"]
[SourceVersion "1"]
[SourceVersionDate "2021.09.20"]
[SourceQuality "2"]

1. e4 e6 2. d4 d5 3. Nd2 e5 4. dxe5 dxe4 5. Nxe4 Qxd1+ 6. Kxd1 Nc6 7. f4 f6 8. exf6 Nxf6 9. Nxf6+ gxf6 10. Bd3 Rg8 11. g3 Bg4+ 12. Ke1 O-O-O 13. Be3 h5 14. a3 Ne7 15. Kf2 Nd5 16. Ne2 Nxe3 17. Kxe3 Bc5+ 18. Kd2 h4 19. gxh4 Bf3 20. Rhf1 Bxe2 21. Kxe2 Rg2+ 22. Kf3 Rxh2 23. Rh1 Rf2+ 24. Kg4 Rd4 25. Kf5 Rdxf4+ 26. Kg6 Rg4+ 27. Kf7 Be3 28. h5 Bh6 29. Rag1 Rxg1 30. Rxg1 Kd7 31. Rg6 Bg5 32. h6 Rh2 33. Kg7 Bc1 34. h7 f5 35. Bxf5+ Ke7 36. h8=Q Bxb2+ 37. Rf6 Rxh8 38. Kxh8 Kxf6 39. Bd3 Bxa3 40. Kg8 b6 41. Kh7 c5 42. c4 Ke5 43. Bf1 Kd4 44. Kg6 a5 45. Kf5 Bb2 46. Kf4 a4 47. Kf3 a3 48. Ke2 a2 49. Kd2 a1=Q 50. Kc2 Qd1+ 51. Kxd1 Kc3 52. Be2 Ba3 53. Bf1 Bb2 54. Be2 Ba3 55. Bf1 Bb2 1/2-1/2

[Event "Titled Tuesday 2021.09.14"]
[Site "chess.com INT"]
[Date "2021.09.14"]
[Round "4"]
[White "Ivanov, Mike"]
[Black "Jakubowska, Anna"]
[Result "1-0"]
[WhiteElo "2344"]
[BlackElo "2106"]
[WhiteFideId "-1"]
[WhiteFideId "-1"]
[PlyCount "37"]
[GameId "2130307583408113"]
[EventDate "2021.09.14"]
[EventType "swiss (blitz)"]
[EventRounds "11"]
[EventCountry "NET"]
[SourceTitle "The Week in Chess 1402"]
[Source "Mark Crowther"]
[SourceDate "2021.09.20"]
[SourceVersion "1"]
[SourceVersionDate "2021.09.20"]
[SourceQuality "2"]

1. e4 c6 2. d4 d5 3. e5 Bf5 4. g4 Bd7 5. c4 e6 6. Nc3 Be7 7. Nf3 f6 8. Bd3 Qc7 9. Bf4 Qa5 10. Qc2 Na6 11. Bxh7 O-O-O 12. Bg6 Rh3 13. Ng1 Rh4 14. h3 fxe5 15. dxe5 dxc4 16. Nf3 Rh8 17. Qe2 Nb4 18. Qxc4 Nc2+ 19. Bxc2 1-0

[Event "Titled Tuesday 2021.09.14"]
[Site "chess.com INT"]
[Date "2021.09.14"]
[Round "6"]
[White "Ivanov, Mike"]
[Black "Garriga Cazorla, Pere"]
[Result "0-1"]
[WhiteElo "2344"]
[BlackElo "2478"]
[WhiteFideId "-1"]
[WhiteFideId "-1"]
[PlyCount "84"]
[GameId "2130307583412314"]
[EventDate "2021.09.14"]
[EventType "swiss (blitz)"]
[EventRounds "11"]
[EventCountry "NET"]
[SourceTitle "The Week in Chess 1402"]
[Source "Mark Crowther"]
[SourceDate "2021.09.20"]
[SourceVersion "1"]
[SourceVersionDate "2021.09.20"]
[SourceQuality "2"]

1. e4 c5 2. Nf3 Nc6 3. Bb5 g6 4. O-O Bg7 5. Re1 Nf6 6. e5 Nd5 7. Nc3 Nc7 8. Bxc6 dxc6 9. Ne4 b6 10. Nf6+ Kf8 11. Ne4 h6 12. d3 Kg8 13. h3 Ne6 14. Be3 Kh7 15. Qd2 Qd5 16. Rad1 Bb7 17. h4 Rad8 18. b3 f5 19. exf6 exf6 20. Ng3 Rhe8 21. h5 g5 22. c4 Qd7 23. Nf5 Bh8 24. g4 Ng7 25. Nxh6 Kxh6 26. Bxg5+ Kh7 27. Qf4 fxg5 28. Nxg5+ Kg8 29. h6 Nf5 30. h7+ Kf8 31. gxf5 Qg7 32. Kf1 Qh6 33. Qg4 Qh1+ 34. Qg1 Qxg1+ 35. Kxg1 Bc8 36. f6 Bxf6 37. Ne4 Bd4 38. Kg2 Kg7 39. Rh1 Kh8 40. Kf3 Rf8+ 41. Ke2 Bg4+ 42. f3 Bxf3+ 0-1

[Event "Titled Tuesday 2021.09.14"]
[Site "chess.com INT"]
[Date "2021.09.14"]
[Round "9"]
[White "Ivanov, Mike"]
[Black "Bailleau, Gerald"]
[Result "0-1"]
[WhiteElo "2344"]
[BlackElo "2239"]
[WhiteFideId "-1"]
[WhiteFideId "-1"]
[PlyCount "80"]
[GameId "2130307583416551"]
[EventDate "2021.09.14"]
[EventType "swiss (blitz)"]
[EventRounds "11"]
[EventCountry "NET"]
[SourceTitle "The Week in Chess 1402"]
[Source "Mark Crowther"]
[SourceDate "2021.09.20"]
[SourceVersion "1"]
[SourceVersionDate "2021.09.20"]
[SourceQuality "2"]

1. e4 e6 2. d4 d5 3. e5 c5 4. c3 Qb6 5. Nf3 Bd7 6. Bd3 cxd4 7. Nxd4 Nc6 8. Nxc6 bxc6 9. O-O Ne7 10. Kh1 a5 11. Nd2 Ng6 12. f4 Nh4 13. Qe1 Be7 14. Nb3 c5 15. Be3 Nf5 16. Bf2 h5 17. Qe2 g6 18. Rab1 Bc6 19. Nd2 Qb7 20. Nf3 h4 21. h3 a4 22. Kh2 Kf8 23. b3 axb3 24. axb3 Rb8 25. b4 cxb4 26. cxb4 Bb5 27. Bxb5 Qxb5 28. Qc2 Kg7 29. Rfc1 Rb7 30. Qc3 Ra8 31. Nd4 Nxd4 32. Bxd4 Ra4 33. Bc5 Bxc5 34. bxc5 Qxb1 35. Rxb1 Rxb1 36. Qc2 Raa1 37. g4 Rh1+ 38. Kg2 Rag1+ 39. Kf3 Rg3+ 40. Kf2 Rh2+ 0-1

[Event "Innsbruck op-A"]
[Site "Innsbruck AUT"]
[Date "2021.08.21"]
[Round "1.57"]
[White "Kranewitter, Norbert"]
[Black "Ivanov, Mike"]
[Result "0-1"]
[WhiteElo "1988"]
[BlackElo "2195"]
[WhiteFideId "-1"]
[WhiteFideId "-1"]
[PlyCount "88"]
[GameId "2130307584392405"]
[EventDate "2021.08.21"]
[EventType "swiss"]
[EventRounds "9"]
[EventCountry "AUT"]
[SourceTitle "10 Days #661"]
[Source "ChessMix"]
[SourceDate "2021.09.01"]
[SourceVersion "1"]
[SourceVersionDate "2021.09.01"]
[SourceQuality "1"]

1. e4 e6 2. d4 d5 3. Bd3 dxe4 4. Bxe4 Nf6 5. Bf3 Bd6 6. c4 Nbd7 7. Ne2 e5 8. Nbc3 O-O 9. O-O Re8 10. Qc2 c6 11. Rd1 Qe7 12. Bg5 h6 13. Bh4 exd4 14. Nxd4 Ne5 15. Be2 Ng6 16. Bg3 Bxg3 17. hxg3 Qe5 18. Bf3 Bd7 19. Rd2 h5 20. Rad1 h4 21. Re2 Qg5 22. Qd2 Qc5 23. b3 hxg3 24. fxg3 Rad8 25. Na4 Qd6 26. Qe1 Rxe2 27. Nxe2 Qc7 28. Qd2 Re8 29. Qd6 Qc8 30. Nf4 Ne5 31. Nc5 Bg4 32. Kf2 Bxf3 33. gxf3 b6 34. Ncd3 Nxf3 35. Kxf3 Qg4+ 36. Kg2 Qxd1 37. Qxc6 Qd2+ 38. Kh3 Qe3 39. b4 Rd8 40. Qc7 Rf8 41. Qxa7 Ne4 42. Nh5 Qxd3 43. Qe7 Qe2 44. Nf6+ gxf6 0-1

[Event "Innsbruck op-A"]
[Site "Innsbruck AUT"]
[Date "2021.08.22"]
[Round "2.16"]
[White "Ivanov, Mike"]
[Black "Fuchs, Florian"]
[Result "1-0"]
[WhiteElo "2195"]
[BlackElo "2328"]
[WhiteFideId "-1"]
[WhiteFideId "-1"]
[PlyCount "135"]
[GameId "2130307584396528"]
[EventDate "2021.08.21"]
[EventType "swiss"]
[EventRounds "9"]
[EventCountry "AUT"]
[SourceTitle "10 Days #661"]
[Source "ChessMix"]
[SourceDate "2021.09.01"]
[SourceVersion "1"]
[SourceVersionDate "2021.09.01"]
[SourceQuality "1"]

1. e4 e5 2. Nf3 Nc6 3. Nc3 Nf6 4. Bb5 Bc5 5. Nxe5 Nxe5 6. d4 Bd6 7. f4 Nc6 8. e5 Bb4 9. exf6 Qxf6 10. Be3 d5 11. O-O Bxc3 12. bxc3 Bf5 13. Bd3 O-O 14. Qh5 Ne7 15. g4 Bxd3 16. cxd3 Qe6 17. Rae1 f5 18. Bf2 Qd7 19. Bh4 Ng6 20. Bg3 Rf7 21. Re3 Raf8 22. g5 Re8 23. Rfe1 Rfe7 24. Qf3 Rxe3 25. Rxe3 Rxe3 26. Qxe3 Kf7 27. h4 Qe7 28. Kf2 Qxe3+ 29. Kxe3 Nf8 30. h5 Ne6 31. Kd2 Ke7 32. Kc2 Kd6 33. Kb3 b6 34. Bh2 Kc6 35. Kb4 Kb7 36. Bg3 Ka6 37. Bh2 Kb7 38. Bg3 Ka6 39. Bh2 c6 40. Bg3 Kb7 41. Bh2 h6 42. Bg3 hxg5 43. fxg5 Nxg5 44. Be5 Nf7 45. Bxg7 f4 46. Be5 Nxe5 47. dxe5 f3 48. e6 Kc7 49. h6 f2 50. h7 f1=Q 51. h8=Q c5+ 52. Ka3 Qc1+ 53. Kb3 Qb1+ 54. Ka3 Qc1+ 55. Kb3 Qb1+ 56. Ka3 d4 57. Qg7+ Kb8 58. e7 Qc1+ 59. Ka4 b5+ 60. Kxb5 Qb2+ 61. Kxc5 Qxc3+ 62. Kd5 Qc8 63. Kxd4 Qd7+ 64. Kc5 Qc7+ 65. Kd4 Qb6+ 66. Kc3 Qc5+ 67. Kb3 Kc7 68. e8=Q+ 1-0

[Event "Innsbruck op-A"]
[Site "Innsbruck AUT"]
[Date "2021.08.22"]
[Round "3.9"]
[White "Arndt, Magnus"]
[Black "Ivanov, Mike"]
[Result "0-1"]
[WhiteElo "2338"]
[BlackElo "2195"]
[WhiteFideId "-1"]
[WhiteFideId "-1"]
[PlyCount "80"]
[GameId "2130307584396591"]
[EventDate "2021.08.21"]
[EventType "swiss"]
[EventRounds "9"]
[EventCountry "AUT"]
[SourceTitle "10 Days #661"]
[Source "ChessMix"]
[SourceDate "2021.09.01"]
[SourceVersion "1"]
[SourceVersionDate "2021.09.01"]
[SourceQuality "1"]

1. d4 Nf6 2. c4 e6 3. Nc3 Bb4 4. e3 O-O 5. Bd3 c5 6. Nf3 b6 7. O-O Bxc3 8. bxc3 Bb7 9. Qe2 Be4 10. Nd2 Bxd3 11. Qxd3 d6 12. e4 Nbd7 13. f4 e5 14. Nf3 cxd4 15. cxd4 exd4 16. e5 Nc5 17. Qf5 Nfe4 18. Bb2 d3 19. Rad1 d5 20. cxd5 Qxd5 21. Ba3 Nd6 22. Qh3 Nc4 23. Bxc5 Qxc5+ 24. Kh1 Ne3 25. Rc1 Nxf1 26. Rxc5 bxc5 27. Ng5 h6 28. Qxd3 hxg5 29. Qxf1 gxf4 30. Qc4 Rfe8 31. Qxc5 Rac8 32. Qa3 Rxe5 33. Kg1 Re2 34. h4 Rcc2 35. Qxa7 Rxa2 36. Qb8+ Kh7 37. Qb5 Rxg2+ 38. Kf1 Rgc2 39. Qb1 f3 40. Kg1 g6 0-1

[Event "Innsbruck op-A"]
[Site "Innsbruck AUT"]
[Date "2021.08.23"]
[Round "4.1"]
[White "Ivanov, Mike"]
[Black "Sadhwani, Raunak"]
[Result "0-1"]
[WhiteElo "2195"]
[BlackElo "2579"]
[WhiteFideId "-1"]
[WhiteFideId "-1"]
[PlyCount "106"]
[GameId "2130307584400728"]
[EventDate "2021.08.21"]
[EventType "swiss"]
[EventRounds "9"]
[EventCountry "AUT"]
[SourceTitle "10 Days #661"]
[Source "ChessMix"]
[SourceDate "2021.09.01"]
[SourceVersion "1"]
[SourceVersionDate "2021.09.01"]
[SourceQuality "1"]

1. e4 e5 2. Nf3 Nc6 3. Nc3 Nf6 4. Bb5 Bd6 5. d3 a6 6. Ba4 O-O 7. a3 Bc5 8. Be3 Bxe3 9. fxe3 d6 10. O-O Ne7 11. Nh4 Be6 12. Nf5 b5 13. Bb3 Nxf5 14. exf5 Bxb3 15. cxb3 d5 16. Qf3 Re8 17. b4 c6 18. e4 Qb6+ 19. Kh1 Rad8 20. Rac1 Rd6 21. h3 Qd8 22. Rce1 Qd7 23. exd5 cxd5 24. Re2 Qc6 25. Rfe1 Nd7 26. Rc2 Qa8 27. Ne2 e4 28. Qg3 exd3 29. Rd2 Rc6 30. Rxd3 Nf6 31. Nc3 Rd8 32. Red1 Rcd6 33. Qf3 g6 34. fxg6 hxg6 35. Rd4 Kg7 36. Rf4 Re8 37. Rf1 Qd8 38. Ne2 Re4 39. Nd4 Qe7 40. Qc3 Rxf4 41. Rxf4 Kg8 42. Qc8+ Rd8 43. Qxa6 Qe1+ 44. Kh2 Nh5 45. Rg4 Qe5+ 46. g3 Qe1 47. h4 Qf2+ 48. Kh3 Qg1 49. Rxg6+ fxg6 50. Qxg6+ Ng7 51. Nf3 Qf1+ 52. Kg4 Rf8 53. Ng5 Rf4+ 0-1

[Event "Innsbruck op-A"]
[Site "Innsbruck AUT"]
[Date "2021.08.24"]
[Round "5.12"]
[White "Peyrer, Konstantin"]
[Black "Ivanov, Mike"]
[Result "0-1"]
[WhiteElo "2282"]
[BlackElo "2195"]
[WhiteFideId "-1"]
[WhiteFideId "-1"]
[PlyCount "76"]
[GameId "2130307584400782"]
[EventDate "2021.08.21"]
[EventType "swiss"]
[EventRounds "9"]
[EventCountry "AUT"]
[SourceTitle "10 Days #661"]
[Source "ChessMix"]
[SourceDate "2021.09.01"]
[SourceVersion "1"]
[SourceVersionDate "2021.09.01"]
[SourceQuality "1"]

1. d4 Nf6 2. c4 g6 3. Nc3 Bg7 4. Nf3 O-O 5. g3 d6 6. Bg2 c6 7. Bg5 h6 8. Bd2 Be6 9. Qc1 Kh7 10. h4 Nh5 11. Qc2 Na6 12. Ne4 Bf5 13. Nh2 d5 14. g4 Bxe4 15. Bxe4 dxe4 16. gxh5 Qxd4 17. O-O-O b5 18. hxg6+ fxg6 19. h5 g5 20. Bxg5 Qxc4 21. Qxc4 bxc4 22. Be3 Nb4 23. Rd7 Nd5 24. Bxa7 Rf7 25. Ng4 c3 26. bxc3 Nxc3 27. Kd2 Nb5 28. Rc1 Rxa7 29. Rxa7 Nxa7 30. Ke3 Rf5 31. Kxe4 Rxh5 32. Rd1 Rh4 33. Kf3 h5 34. Ne3 Be5 35. Rd7 Nc8 36. Rd8 Nb6 37. Re8 Rf4+ 38. Kg2 Bd6 0-1

[Event "Innsbruck op-A"]
[Site "Innsbruck AUT"]
[Date "2021.08.25"]
[Round "6.6"]
[White "Koepke, Christian"]
[Black "Ivanov, Mike"]
[Result "1/2-1/2"]
[WhiteElo "2340"]
[BlackElo "2195"]
[WhiteFideId "-1"]
[WhiteFideId "-1"]
[PlyCount "61"]
[GameId "2130307584404942"]
[EventDate "2021.08.21"]
[EventType "swiss"]
[EventRounds "9"]
[EventCountry "AUT"]
[SourceTitle "10 Days #661"]
[Source "ChessMix"]
[SourceDate "2021.09.01"]
[SourceVersion "1"]
[SourceVersionDate "2021.09.01"]
[SourceQuality "1"]

1. e4 e6 2. d4 d5 3. Nc3 Bb4 4. Nge2 dxe4 5. a3 Bxc3+ 6. Nxc3 Nc6 7. d5 exd5 8. Qxd5 Be6 9. Qxd8+ Rxd8 10. Bf4 Nge7 11. Nxe4 Nd5 12. Bg5 f6 13. Bd2 Bf5 14. f3 Bxe4 15. fxe4 Nb6 16. Bb5 Rd4 17. O-O-O Rxe4 18. Rhe1 Rxe1 19. Rxe1+ Kd7 20. Bf4 a6 21. Bd3 g6 22. Bg3 Kc8 23. Be4 Nd4 24. c3 Nb3+ 25. Kc2 Na5 26. Bf3 Rd8 27. Re7 Rd7 28. Re8+ Rd8 29. Re7 Rd7 30. Re8+ Rd8 31. Re7 1/2-1/2

[Event "Innsbruck op-A"]
[Site "Innsbruck AUT"]
[Date "2021.08.26"]
[Round "7.4"]
[White "Ivanov, Mike"]
[Black "Schwabeneder, Florian"]
[Result "1-0"]
[WhiteElo "2195"]
[BlackElo "2440"]
[WhiteFideId "-1"]
[WhiteFideId "-1"]
[PlyCount "155"]
[GameId "2130307584405005"]
[EventDate "2021.08.21"]
[EventType "swiss"]
[EventRounds "9"]
[EventCountry "AUT"]
[SourceTitle "10 Days #661"]
[Source "ChessMix"]
[SourceDate "2021.09.01"]
[SourceVersion "1"]
[SourceVersionDate "2021.09.01"]
[SourceQuality "1"]

1. e4 c5 2. Nf3 d6 3. d4 cxd4 4. Qxd4 Nf6 5. Be2 g6 6. O-O Bg7 7. Rd1 O-O 8. h3 Nc6 9. Qe3 Be6 10. c4 Qb6 11. Nc3 Nd7 12. Nd5 Qxe3 13. Bxe3 Rfc8 14. Nd4 Bxd4 15. Bxd4 Nxd4 16. Rxd4 Kf8 17. b3 a5 18. Nc3 Nb6 19. Nd5 Nd7 20. Nc3 Nc5 21. Rc1 Bd7 22. Rcd1 Bc6 23. Bg4 Rcb8 24. h4 b5 25. cxb5 Bxb5 26. e5 Be8 27. exd6 exd6 28. Bf3 Ra7 29. Rxd6 a4 30. bxa4 Bxa4 31. Rd8+ Rxd8 32. Rxd8+ Ke7 33. Ra8 Rxa8 34. Bxa8 Bd7 35. Kf1 h6 36. Ke2 g5 37. hxg5 hxg5 38. Ke3 f5 39. Kd4 Kd6 40. Bd5 Be8 41. g3 Bd7 42. a3 Be8 43. Nd1 Bc6 44. Bxc6 Ne6+ 45. Kc4 Kxc6 46. Nc3 Nf8 47. Nb5 f4 48. Nd4+ Kd6 49. gxf4 gxf4 50. a4 Nd7 51. a5 Kc7 52. Ne6+ Kc6 53. Nxf4 Ne5+ 54. Kb4 Kb7 55. Kb5 Nf3 56. Ne6 Ka7 57. a6 Nh4 58. Nd4 Ng6 59. Nc6+ Ka8 60. Kc4 Nf4 61. Nb4 Ng6 62. Kd5 Ne7+ 63. Ke4 Nc6 64. Nd3 Ka7 65. Kd5 Kb6 66. Kd6 Nd4 67. Nb4 Nf3 68. Kd5 Ka7 69. Ke4 Ng5+ 70. Ke3 Nf7 71. f4 Nd6 72. Kd4 Kb6 73. Ke5 Nc4+ 74. Ke6 Kb5 75. a7 Nb6 76. Nd5 Na8 77. Kd6 Ka6 78. Nc7+ 1-0

[Event "Innsbruck op-A"]
[Site "Innsbruck AUT"]
[Date "2021.08.27"]
[Round "8.3"]
[White "Ivanov, Mike"]
[Black "Abel, Dennes"]
[Result "1/2-1/2"]
[WhiteElo "2195"]
[BlackElo "2448"]
[WhiteFideId "-1"]
[WhiteFideId "-1"]
[PlyCount "184"]
[GameId "2130307584409138"]
[EventDate "2021.08.21"]
[EventType "swiss"]
[EventRounds "9"]
[EventCountry "AUT"]
[SourceTitle "10 Days #661"]
[Source "ChessMix"]
[SourceDate "2021.09.01"]
[SourceVersion "1"]
[SourceVersionDate "2021.09.01"]
[SourceQuality "1"]

1. e4 c6 2. Nf3 d5 3. Nc3 dxe4 4. Nxe4 Nf6 5. Qe2 Nxe4 6. Qxe4 Nd7 7. Bc4 Nf6 8. Ne5 e6 9. Qe2 b5 10. Bd3 Qc7 11. b3 Nd5 12. Bb2 Nf4 13. Qg4 Nxd3+ 14. Nxd3 f6 15. f4 Bd6 16. Qh5+ Qf7 17. Qxf7+ Kxf7 18. Bd4 Rd8 19. O-O Ba3 20. Be3 Rd5 21. Rab1 a5 22. Nf2 Be7 23. a4 Ba6 24. d3 h6 25. Ra1 b4 26. Ne4 Rg8 27. Rae1 Bb7 28. Rf2 Re8 29. Nd2 c5 30. Ne4 Rc8 31. Ng3 f5 32. Nf1 Rd7 33. Nd2 Bd5 34. Nf3 Bxf3 35. Rxf3 Bf6 36. Ref1 Rd5 37. Bc1 Rg8 38. Kh1 g5 39. Re1 Bc3 40. Re2 g4 41. Rf1 h5 42. Bd2 Bf6 43. Rfe1 Re8 44. Kg1 Rd6 45. Kf1 Rh8 46. Be3 Rc6 47. Bf2 Bc3 48. Rd1 Rd8 49. Rc1 Rd5 50. Be1 Bf6 51. Bd2 Rc7 52. Rce1 Re7 53. g3 Re8 54. Kg2 Rd6 55. Be3 Rc6 56. Bf2 Bc3 57. Rh1 e5 58. fxe5 Rce6 59. Be1 Bxe5 60. h3 Bd4 61. Rxe6 Rxe6 62. hxg4 hxg4 63. Kf1 Kg6 64. Bd2 Be3 65. Bxe3 Rxe3 66. Kf2 Rf3+ 67. Kg2 Re3 68. Kf2 Re7 69. Rc1 Rh7 70. Kg2 Kf6 71. Rf1 Ke5 72. Rf4 Rd7 73. Rc4 Kd5 74. Rf4 Ke5 75. Rc4 Kd6 76. Rf4 Ke6 77. Rc4 Rd5 78. Kf2 Re5 79. Rf4 Rd5 80. Rc4 Kf6 81. Kg2 Ke7 82. Kf1 Kd6 83. Rf4 Ke5 84. Rc4 Ke6 85. Kg2 Kd6 86. Rf4 Ke7 87. Kf2 Kf6 88. Rc4 Kg5 89. Kg2 Re5 90. Kf2 Kf6 91. Rf4 Rd5 92. Rc4 Re5 1/2-1/2

[Event "Innsbruck op-A"]
[Site "Innsbruck AUT"]
[Date "2021.08.29"]
[Round "9.4"]
[White "Fecker, Noah"]
[Black "Ivanov, Mike"]
[Result "1/2-1/2"]
[WhiteElo "2325"]
[BlackElo "2195"]
[WhiteFideId "-1"]
[WhiteFideId "-1"]
[PlyCount "62"]
[GameId "2130307584409147"]
[EventDate "2021.08.21"]
[EventType "swiss"]
[EventRounds "9"]
[EventCountry "AUT"]
[SourceTitle "10 Days #661"]
[Source "ChessMix"]
[SourceDate "2021.09.01"]
[SourceVersion "1"]
[SourceVersionDate "2021.09.01"]
[SourceQuality "1"]

1. e4 e6 2. d4 d5 3. Nd2 Nf6 4. e5 Nfd7 5. Bd3 c5 6. c3 Nc6 7. Ngf3 g6 8. h4 Qb6 9. h5 Rg8 10. Qa4 Be7 11. a3 gxh5 12. Nf1 cxd4 13. cxd4 Nf8 14. Qb5 Qxb5 15. Bxb5 Bd7 16. Bd3 h4 17. Be3 f6 18. g3 fxe5 19. dxe5 Ng6 20. Bxg6+ hxg6 21. gxh4 Rf8 22. Ke2 d4 23. Nxd4 Nxe5 24. Nd2 Ng4 25. Rag1 e5 26. N4f3 Rc8 27. h5 Bb5+ 28. Kd1 Ba4+ 29. Ke2 Bb5+ 30. Kd1 Ba4+ 31. Ke2 Bb5+ 1/2-1/2

[Event "Bruges Meesters op"]
[Site "Bruges BEL"]
[Date "2021.08.16"]
[Round "4.3"]
[White "Cools, Gorik"]
[Black "Ivanov, Mike"]
[Result "0-1"]
[WhiteElo "2236"]
[BlackElo "2195"]
[WhiteFideId "-1"]
[WhiteFideId "-1"]
[PlyCount "82"]
[GameId "2129404732929870"]
[EventDate "2021.08.14"]
[EventType "swiss"]
[EventRounds "9"]
[EventCountry "BEL"]
[SourceTitle "10 Days #661"]
[Source "ChessMix"]
[SourceDate "2021.09.01"]
[SourceVersion "1"]
[SourceVersionDate "2021.09.01"]
[SourceQuality "1"]

1. e4 e6 {[%emt 20:53:38]} 2. d3 {[%emt 0:00:10]} d5 {[%emt 0:00:17]} 3. Nd2 {[%emt 0:00:06]} a5 {[%emt 0:00:48]} 4. Ngf3 {[%emt 0:01:57]} a4 {[%emt 0:00:35]} 5. g3 {[%emt 0:00:24]} Nf6 {[%emt 0:02:11]} 6. Bg2 {[%emt 0:00:07]} a3 {[%emt 0:02:29]} 7. O-O {[%emt 0:00:15]} axb2 {[%emt 0:01:40]} 8. Bxb2 {[%emt 0:00:05]} Ba3 {[%emt 0:00:05]} 9. Qc1 {[%emt 0:00:39]} Bxb2 {[%emt 0:00:52]} 10. Qxb2 {[%emt 0:00:06]} O-O {[%emt 0:00:12]} 11. Rfe1 {[%emt 0:01:42]} Ra6 {[%emt 0:11:59]} 12. Nb3 {[%emt 0:13:22]} Nc6 {[%emt 0:06:45]} 13. a4 {[%emt 0:11:09]} Re8 {[%emt 0:21:17]} 14. a5 {[%emt 0:10:13]} dxe4 {[%emt 0:01:49]} 15. dxe4 {[%emt 0:00:11]} e5 {[%emt 0:00:07]} 16. Qc3 {[%emt 0:28:29]} Qe7 {[%emt 0:30:03]} 17. Bf1 {[%emt 0:03:09]} Ra8 {[%emt 0:01:35]} 18. Bb5 {[%emt 0:02:35]} Bg4 {[%emt 0:01:28]} 19. Nfd2 {[%emt 0:03:12]} Bd7 {[%emt 0:04:56]} 20. a6 {[%emt 0:03:06]} Nd8 {[%emt 0:00:33]} 21. axb7 {[%emt 0:01:14]} Rxa1 {[%emt 0:00:37]} 22. Rxa1 {[%emt 0:00:54]} Nxb7 {[%emt 0:00:19]} 23. Bc6 {[%emt 0:04:59]} Bxc6 {[%emt 0:02:26]} 24. Qxc6 {[%emt 0:00:03]} Nd8 {[%emt 0:00:04]} 25. Qc3 {[%emt 0:00:17]} Qd6 {[%emt 0:03:12]} 26. Ra5 {[%emt 0:06:34]} h5 {[%emt 0:00:02]} 27. Rc5 {[%emt 0:04:18]} Re7 {[%emt 0:02:47]} 28. f3 {[%emt 0:00:16]} h4 {[%emt 0:00:56]} 29. Kg2 {[%emt 0:00:05]} g5 {[%emt 0:02:45]} 30. Qe3 {[%emt 0:01:53]} Ne6 {[%emt 0:00:17]} 31. Ra5 {[%emt 0:01:32]} hxg3 {[%emt 0:00:35]} 32. hxg3 {[%emt 0:00:08]} Kg7 {[%emt 0:00:49]} 33. Nc4 {[%emt 0:00:39]} Qd1 {[%emt 0:00:13]} 34. Qd2 {[%emt 0:00:27]} Qxd2+ {[%emt 0:00:48]} 35. Nbxd2 Nd4 {[%emt 0:01:03]} 36. c3 {[%emt 0:00:15]} Nc6 {[%emt 0:00:52]} 37. Rc5 {[%emt 0:00:14]} Re6 {[%emt 0:00:02]} 38. Ne3 {[%emt 0:00:07]} Nd7 {[%emt 0:00:30]} 39. Nf5+ {[%emt 0:00:21]} Kf6 {[%emt 0:00:12]} 40. Rb5 {[%emt 0:00:33]} Ne7 {[%emt 0:00:22]} 41. Ne3 {[%emt 0:02:22]} Rc6 {[%emt 0:00:53]} 0-1

[Event "Bruges Meesters op"]
[Site "Bruges BEL"]
[Date "2021.08.17"]
[Round "5.2"]
[White "Ivanov, Mike"]
[Black "Gijsen, Stief"]
[Result "1-0"]
[WhiteElo "2195"]
[BlackElo "2196"]
[WhiteFideId "-1"]
[WhiteFideId "-1"]
[PlyCount "61"]
[GameId "2129404732929874"]
[EventDate "2021.08.14"]
[EventType "swiss"]
[EventRounds "9"]
[EventCountry "BEL"]
[SourceTitle "10 Days #661"]
[Source "ChessMix"]
[SourceDate "2021.09.01"]
[SourceVersion "1"]
[SourceVersionDate "2021.09.01"]
[SourceQuality "1"]

1. e4 {[%emt 0:03:47]} e5 {[%emt 0:03:46]} 2. Nf3 {[%emt 0:00:20]} Nc6 {[%emt 0:00:05]} 3. d4 {[%emt 0:00:05]} exd4 {[%emt 0:00:16]} 4. Nxd4 {[%emt 0:00:06]} Nf6 {[%emt 0:00:07]} 5. Nxc6 {[%emt 0:00:13]} bxc6 {[%emt 0:00:06]} 6. Qe2 {[%emt 0:00:15]} d5 {[%emt 0:04:08]} 7. e5 {[%emt 0:11:51]} Ne4 {[%emt 0:05:57]} 8. Nd2 {[%emt 0:00:11]} Bf5 {[%emt 0:04:24]} 9. g4 {[%emt 0:02:51]} Bg6 {[%emt 0:09:26]} 10. Bg2 {[%emt 0:00:36]} Nc5 {[%emt 0:06:00]} 11. Nb3 {[%emt 0:14:36]} h5 {[%emt 0:00:12]} 12. g5 {[%emt 0:12:44]} Ne6 {[%emt 0:08:06]} 13. Qa6 {[%emt 0:09:08]} Qd7 {[%emt 0:11:06]} 14. Qb7 {[%emt 0:03:47]} Rd8 {[%emt 0:00:59]} 15. Bh3 {[%emt 0:07:01]} c5 {[%emt 0:06:28]} 16. Be3 {[%emt 0:02:46]} Qa4 {[%emt 0:04:30]} 17. O-O-O {[%emt 0:06:00]} Qe4 {[%emt 0:04:59]} 18. Qc6+ {[%emt 0:08:20]} Rd7 {[%emt 0:00:06]} 19. Kb1 {[%emt 0:00:18]} d4 {[%emt 0:09:48]} 20. Bg2 {[%emt 0:00:10]} Qxc2+ {[%emt 0:01:13]} 21. Ka1 {[%emt 0:00:01]} Be7 {[%emt 0:03:05]} 22. Rhe1 {[%emt 0:11:33]} Nd8 {[%emt 0:04:58]} 23. Qa4 {[%emt 0:00:17]} Qf5 {[%emt 0:02:31]} 24. e6 {[%emt 0:01:57]} fxe6 {[%emt 0:01:41]} 25. Bxd4 {[%emt 0:01:47]} Qg4 {[%emt 0:06:41]} 26. h3 {[%emt 0:01:26]} Qf4 {[%emt 0:01:52]} 27. Qxd7+ {[%emt 0:00:26]} Kxd7 {[%emt 0:00:48]} 28. Be5+ {[%emt 0:00:02]} Qd4 {[%emt 0:00:19]} 29. Nxd4 {[%emt 0:00:27]} cxd4 {[%emt 0:00:04]} 30. Rxd4+ {[%emt 0:00:39]} Kc8 {[%emt 0:00:11]} 31. Rc1 {[%emt 0:00:46]} 1-0